[Event "Gelendzhik op 14th"]
[Site "Gelendzhik"]
[Date "2017.06.05"]
[Round "9"]
[White "Ivanov, Artem1111"]
[Black "Semenov, Viktor"]
[Result "0-1"]
[WhiteElo "1832"]
[BlackElo "1946"]
[PlyCount "68"]
[EventDate "2017.05.28"]
[EventType "swiss"]
[EventRounds "9"]
[EventCountry "RUS"]
[SourceTitle "EXT 2018"]
[Source "ChessBase"]
[SourceDate "2017.10.13"]
[SourceVersion "1"]
[SourceVersionDate "2017.10.13"]
[SourceQuality "1"]

1. e4 e5 2. Nf3 Nc6 3. Bb5 Bc5 4. c3 Bb6 5. d4 exd4 6. cxd4 Nce7 7. 0-0 c6 8. Bd3 Ng6 9. Nc3 d6 10. e5 d5 11. Qc2 N8e7 12. Be3 Bg4 13. Nd2 Qd7 14. Nb3 Bf5 15. Na4 Bxd3 16. Qxd3 Qf5 17. Qd2 0-0 18. Nac5 Rab8 19. f4 h5 20. Rf3 h4 21. Raf1 Rfd8 22. g3 h3 23. g4 Qxg4+ 24. Rg3 Qc8 25. Rg5 f6 26. Rg3 Qf5 27. exf6 gxf6 28. Rff3 Kf7 29. Rxh3 Rh8 30. Rhg3 Rh7 31. Qg2 Nh4 32. Qe2 Nxf3+ 33. Rxf3 Qg4+ 34. Kh1 Rxh2+ 0-1

[Event "Gelendzhik op 14th"]
[Site "Gelendzhik"]
[Date "2017.06.03"]
[Round "7"]
[White "Potrekeev, Pavel"]
[Black "Semenov, Viktor"]
[Result "1-0"]
[WhiteElo "2203"]
[BlackElo "1946"]
[PlyCount "89"]
[EventDate "2017.05.28"]
[EventType "swiss"]
[EventRounds "9"]
[EventCountry "RUS"]
[SourceTitle "EXT 2018"]
[Source "ChessBase"]
[SourceDate "2017.10.13"]
[SourceVersion "1"]
[SourceVersionDate "2017.10.13"]
[SourceQuality "1"]

1. Nf3 Nf6 2. c4 d6 3. d4 g6 4. Nc3 Bg7 5. e4 0-0 6. Be2 e5 7. d5 Nbd7 8. 0-0 Nh5 9. g3 Ndf6 10. Rb1 a5 11. a3 a4 12. c5 Bh3 13. Re1 Bd7 14. cxd6 cxd6 15. Nd2 Bh6 16. Nc4 Bxc1 17. Rxc1 Ra6 18. Qd2 Ng7 19. Qg5 Ng4 20. Qxd8 Rxd8 21. Ne3 Nh6 22. Bxa6 bxa6 23. Nc4 Be8 24. Na2 f5 25. f3 g5 26. Nb4 g4 27. Nc6 Rd7 28. f4 fxe4 29. fxe5 dxe5 30. N4xe5 Rd6 31. Rxe4 Nhf5 32. Rc5 h5 33. Kf2 Kh7 34. Rxa4 Rh6 35. Rf4 h4 36. Nxg4 hxg3+ 37. hxg3 Rh1 38. Rxf5 Nxf5 39. Nf6+ Kg6 40. Nxe8 Rh2+ 41. Ke1 Nxg3 42. Rc4 Nf5 43. Ne5+ Kh7 44. Rc7+ Kh8 45. Ng6+ 1-0

[Event "Gelendzhik op 14th"]
[Site "Gelendzhik"]
[Date "2017.06.01"]
[Round "5"]
[White "Semenov, Viktor"]
[Black "Rolgeizer, Genrikh"]
[Result "1/2-1/2"]
[WhiteElo "1946"]
[BlackElo "2103"]
[PlyCount "112"]
[EventDate "2017.05.28"]
[EventType "swiss"]
[EventRounds "9"]
[EventCountry "RUS"]
[SourceTitle "EXT 2018"]
[Source "ChessBase"]
[SourceDate "2017.10.13"]
[SourceVersion "1"]
[SourceVersionDate "2017.10.13"]
[SourceQuality "1"]

1. e4 e5 2. Nf3 Nc6 3. Bc4 Nf6 4. d3 Be7 5. 0-0 d6 6. a4 Bg4 7. Nbd2 Qd7 8. Re1 h6 9. c3 g5 10. Nf1 0-0-0 11. a5 Nb8 12. b4 Nh5 13. Ne3 Nf4 14. Nxe5 dxe5 15. Qxg4 Qxg4 16. Nxg4 Nxd3 17. Rd1 Nxc1 18. Raxc1 Nc6 19. Bxf7 h5 20. Ne3 g4 21. Nd5 Bg5 22. Rb1 Rd6 23. Ne3 Bxe3 24. fxe3 Rf6 25. Rf1 Rd6 26. Rbd1 Rhh6 27. Rxd6 cxd6 28. Bd5 Rh7 29. g3 h4 30. Be6+ Kd8 31. Bxg4 hxg3 32. h3 Ke8 33. Kg2 Nd8 34. Kxg3 Rc7 35. Rc1 Rc4 36. Be2 Rxe4 37. Bh5+ Ke7 38. Kg2 Rh4 39. Bg4 Rh6 40. c4 Nc6 41. Rb1 Kf6 42. Kg3 Kg5 43. Bf3 Ne7 44. Be4 Rh4 45. Bd3 b6 46. axb6 axb6 47. Ra1 Rh8 48. Ra6 d5 49. Rxb6 dxc4 50. Be4 c3 51. Re6 Nf5+ 52. Kf2 c2 53. Bxc2 Rxh3 54. Bxf5 Kxf5 55. Rc6 Ke4 56. Rc3 Rh2+ 1/2-1/2

[Event "Gelendzhik op 13th"]
[Site "Gelendzhik"]
[Date "2017.01.07"]
[Round "4"]
[White "Semenov, Viktor"]
[Black "Rolgeizer, Genrikh"]
[Result "0-1"]
[WhiteElo "1942"]
[BlackElo "1953"]
[PlyCount "96"]
[EventDate "2017.01.04"]
[EventType "swiss"]
[EventRounds "9"]
[EventCountry "RUS"]
[SourceTitle "CBM 176 Extra"]
[Source "ChessBase"]
[SourceDate "2017.03.02"]
[SourceVersion "1"]
[SourceVersionDate "2017.03.02"]
[SourceQuality "1"]

1. e4 e5 2. Nf3 Nc6 3. Bc4 Nf6 4. d3 Be7 5. 0-0 0-0 6. Re1 d6 7. a4 Be6 8. Nc3 Bxc4 9. dxc4 Ne8 10. a5 g6 11. a6 b6 12. Bh6 Ng7 13. Nd5 Kh8 14. Qd2 f5 15. Ng5 Qd7 16. Ra3 Bxg5 17. Bxg5 f4 18. Rh3 h5 19. c3 Na5 20. Qe2 Nb3 21. Rh4 Nc5 22. g4 Nce6 23. Bf6 Rxf6 24. Nxf6 Qe7 25. g5 Nxg5 26. Nd5 Nf3+ 27. Qxf3 Qxh4 28. Nxc7 Rc8 29. Nb5 Rxc4 30. Nxd6 Rc7 31. Qg2 Ne6 32. Ne8 Re7 33. Qxg6 Qg5+ 34. Qxg5 Nxg5 35. Nf6 Nf3+ 36. Kf1 Nxe1 37. Kxe1 Kg7 38. Nd5 Rd7 39. c4 Kf7 40. Ke2 Ke6 41. f3 h4 42. b4 Rg7 43. Kf1 h3 44. b5 Kd6 45. Nf6 Kc5 46. Ng4 Rg5 47. Nh6 Kxc4 48. Nf7 Rh5 0-1

[Event "Gelendzhik op"]
[Site "Gelendzhik"]
[Date "2015.01.09"]
[Round "6"]
[White "Pedashenko, Anatoly"]
[Black "Semenov, Viktor"]
[Result "1-0"]
[WhiteElo "2047"]
[BlackElo "2065"]
[PlyCount "123"]
[EventDate "2015.01.04"]
[EventType "swiss"]
[EventRounds "9"]
[EventCountry "RUS"]
[SourceTitle "CBM 164 Extra"]
[Source "ChessBase"]
[SourceDate "2015.03.02"]
[SourceVersion "1"]
[SourceVersionDate "2015.03.02"]
[SourceQuality "1"]

1. e4 e5 2. Nf3 Nc6 3. Bb5 a6 4. Ba4 Nf6 5. Nc3 b5 6. Bb3 Be7 7. d3 d6 8. h3 Na5 9. 0-0 0-0 10. Bd2 Nxb3 11. axb3 Bb7 12. Ne2 d5 13. Nxe5 dxe4 14. d4 c5 15. Ba5 Qd6 16. c4 cxd4 17. Qxd4 Qxd4 18. Nxd4 Bd6 19. Ng4 Nxg4 20. hxg4 Be5 21. Rfd1 Rfc8 22. Rac1 Bf4 23. Rc2 bxc4 24. bxc4 Rc5 25. b4 Rg5 26. Nf5 Rxg4 27. c5 Bg5 28. c6 Bc8 29. Ne3 Kf8 30. c7 Bxe3 31. fxe3 Rg5 32. Rd8+ Ke7 33. Rcd2 Rb5 34. R2d4 Re5 35. R4d7+ Bxd7 36. Rxa8 Rd5 37. c8Q Bxc8 38. Rxc8 Rd6 39. Kf2 Rf6+ 40. Kg1 Kd7 41. Rc4 Re6 42. Kf2 f5 43. Rc7+ Kd6 44. Rxg7 Rh6 45. Rf7 Ke6 46. Rb7 Kd5 47. Rb6 Rg6 48. Rb7 Rh6 49. Rc7 Kd6 50. Rc5 Rf6 51. Bc7+ Kd7 52. Bf4 h6 53. Kg3 Rb6 54. Rc4 Rg6+ 55. Kh3 Rb6 56. g3 Ke7 57. Kh4 Kf7 58. Kh5 Kg7 59. Bc7 Rb7 60. Be5+ Kg8 61. Rc8+ Kf7 62. Rc7+ 1-0

[Event "Gelendzhik op 11th"]
[Site "Gelendzhik"]
[Date "2015.01.09"]
[Round "6"]
[White "Semenov, Viktor"]
[Black "Bedia, Melor"]
[Result "0-1"]
[WhiteElo "1988"]
[BlackElo "2428"]
[PlyCount "106"]
[EventDate "2015.01.04"]
[EventType "swiss"]
[EventRounds "9"]
[EventCountry "RUS"]
[SourceTitle "EXT 2017"]
[Source "ChessBase"]
[SourceDate "2016.10.25"]
[SourceVersion "1"]
[SourceVersionDate "2016.10.25"]
[SourceQuality "1"]

1. d4 Nf6 2. Bf4 c5 3. e3 Qb6 4. Nc3 d6 5. Bb5+ Nbd7 6. a4 a6 7. a5 Qc7 8. Be2 g6 9. Nf3 Bg7 10. h3 0-0 11. 0-0 b5 12. axb6 Nxb6 13. d5 Bb7 14. e4 Rfb8 15. Qd2 Nfd7 16. Ra2 c4 17. Re1 Nc5 18. Bf1 Rd8 19. Be3 e6 20. dxe6 fxe6 21. Bd4 Rac8 22. Bxg7 Qxg7 23. Raa1 e5 24. Nd5 Nxe4 25. Rxe4 Bxd5 26. Re3 Bb7 27. Ng5 Qe7 28. Rg3 d5 29. h4 Rd6 30. Re1 Rf6 31. Nf3 Nd7 32. h5 Rcf8 33. Qh6 Qg7 34. Qxg7+ Kxg7 35. Nxe5 Nxe5 36. Rxe5 Rxf2 37. Re7+ R2f7 38. Rxf7+ Rxf7 39. hxg6 hxg6 40. c3 Rf6 41. Re3 Kf7 42. g3 Rb6 43. Re2 a5 44. Kf2 Kf6 45. Ke3 Ke5 46. Bh3 Rf6 47. Kd2+ Kd6 48. Ke3 Kc5 49. Rd2 a4 50. Bg4 Ra6 51. Be2 a3 52. b4+ cxb3 53. Bxa6 Bxa6 0-1

[Event "Gelendzhik op 11th"]
[Site "Gelendzhik"]
[Date "2015.01.05"]
[Round "2"]
[White "Kleimenov, Ivan"]
[Black "Semenov, Viktor"]
[Result "0-1"]
[WhiteElo "1587"]
[BlackElo "1988"]
[PlyCount "70"]
[EventDate "2015.01.04"]
[EventType "swiss"]
[EventRounds "9"]
[EventCountry "RUS"]
[SourceTitle "EXT 2017"]
[Source "ChessBase"]
[SourceDate "2016.10.25"]
[SourceVersion "1"]
[SourceVersionDate "2016.10.25"]
[SourceQuality "1"]

1. e4 e5 2. Nf3 d6 3. d4 exd4 4. Nxd4 Nf6 5. Nc3 Nc6 6. f3 Be7 7. Bc4 0-0 8. Be3 Ne5 9. Be2 d5 10. Bf4 Ng6 11. Bg3 dxe4 12. fxe4 Bc5 13. Nb3 Bb6 14. Qd3 Be6 15. 0-0-0 c6 16. Nd4 Bxd4 17. Qxd4 Qa5 18. Bd6 Rfe8 19. Bb4 Qg5+ 20. Kb1 b6 21. Qf2 c5 22. Ba3 Qe5 23. Qg3 Bd7 24. b3 Bc6 25. Nb5 Qxg3 26. hxg3 Nxe4 27. Bb2 Nxg3 28. Rh3 Nxe2 29. Nc7 Nef4 30. Rg3 Rad8 31. Rxd8 Rxd8 32. Na6 Rd1+ 33. Bc1 Rxc1+ 34. Kxc1 Ne2+ 35. Kb2 Nxg3 0-1

[Event "Moscow op-E"]
[Site "Moscow"]
[Date "2011.02.04"]
[Round "7.156"]
[White "Semenov, Viktor"]
[Black "Tselkovskiy, Kirill"]
[Result "1/2-1/2"]
[WhiteElo "2110"]
[BlackElo "1829"]
[PlyCount "56"]
[EventDate "2011.01.29"]
[EventType "swiss"]
[EventRounds "9"]
[EventCountry "RUS"]
[SourceTitle "EXT 2022"]
[Source "ChessBase"]
[SourceDate "2021.10.06"]
[SourceVersion "1"]
[SourceVersionDate "2021.10.06"]
[SourceQuality "1"]

1. Nf3 c5 2. c4 Nf6 3. g3 g6 4. b3 Bg7 5. Bb2 0-0 6. Bg2 Nc6 7. 0-0 d6 8. d3 e5 9. Nc3 Bg4 10. h3 Bd7 11. e4 Qc8 12. Kh2 Nd4 13. Nxd4 cxd4 14. Ne2 b5 15. f4 bxc4 16. bxc4 Qa6 17. Bc1 Rab8 18. Bd2 Ba4 19. Qc1 Nd7 20. Qa3 Rb6 21. Nc1 Rfb8 22. Nb3 Bf8 23. Qc1 Qc8 24. f5 Bxb3 25. axb3 Nc5 26. Rxa7 Nxb3 27. Qd1 Nxd2 28. Qxd2 R8b7 1/2-1/2

[Event "Uljanovsk Region-ch"]
[Site "Uljanovsk"]
[Date "2003.??.??"]
[Round "3"]
[White "Pavlovski, Yaroslav"]
[Black "Semenov, Viktor"]
[Result "1-0"]
[WhiteElo "2236"]
[BlackElo "2215"]
[PlyCount "87"]
[EventDate "2003.??.??"]
[EventType "swiss"]
[EventRounds "9"]
[EventCountry "RUS"]
[SourceTitle "EXT 2005"]
[Source "ChessBase"]
[SourceDate "2004.11.15"]
[SourceVersion "1"]
[SourceVersionDate "2004.11.15"]
[SourceQuality "1"]

1. e4 e5 2. Nf3 Nc6 3. Bb5 a6 4. Ba4 b5 5. Bb3 d6 6. c3 Nf6 7. 0-0 Be7 8. Re1 0-0 9. h3 Na5 10. Bc2 c5 11. d4 Qc7 12. Nbd2 Re8 13. Nf1 Bf8 14. b3 h6 15. d5 Bd7 16. Ng3 g6 17. Bd2 c4 18. b4 Nb7 19. a4 a5 20. bxa5 Rxa5 21. axb5 Rea8 22. Rxa5 Rxa5 23. Nh2 Bxb5 24. f4 exf4 25. Bxf4 Nd7 26. Ng4 Kh7 27. Qd2 Ne5 28. Nf6+ Kh8 29. Bxh6 Bg7 30. Nfh5 gxh5 31. Nxh5 f6 32. Bxg7+ Kg8 33. Qh6 Qd8 34. Nxf6+ Kf7 35. Nh5 Ke8 36. Bxe5 dxe5 37. Nf6+ Ke7 38. Qg7+ Kd6 39. Qxb7 Ra2 40. Qxb5 Rxc2 41. Qc6+ Ke7 42. Qe6+ Kf8 43. Rf1 Qb6+ 44. Qxb6 1-0